| 000 | 00617nam a22001817a 4500 | ||
|---|---|---|---|
| 999 |
_c190019 _d190019 |
||
| 005 | 20220715161409.0 | ||
| 010 | _aENG-133609 | ||
| 020 |
_a9789354790812 _c495.00 |
||
| 035 | _aEN-117141 | ||
| 037 | _bDBAD/PUB | ||
| 082 | _a338.6048 | ||
| 100 | _aIyer, Sai Prakash R. | ||
| 245 |
_aBattle Ready: _bCrafting Strategy to Beat Competition/ _cSai Prakash R. Iyer |
||
| 260 |
_aNew Delhi _bSage Publications India Pvt. Ltd _c2021 |
||
| 270 |
_aB-1/I-I Mohan Cooperative Industrial Area Mathura Road, _bNew Delhi _e110044 |
||
| 300 |
_axv, 262p. _bIndex _c22cm(pbk) |
||
| 942 |
_2ddc _cEN _h338.6048 _mIYE |
||